Random Female Celebrities by Picture - Statistics

General Stats
  • This quiz has been taken 460 times
  • The average score is 5 of 15
Answer Stats
Picture Answer % Correct
Ellen DeGeneres
95%
Hillary Clinton
78%
Natalie Portman
70%
Gwyneth Paltrow
65%
Jamie Lee Curtis
47%
Demi Moore
46%
Melissa McCarthy
39%
Kathy Bates
24%
Marisa Tomei
24%
Kristen Wiig
17%
Christina Ricci
11%
Karen Carpenter
11%
Fantasia
4%
Becky Lynch
3%
Martina Hingis
2%
No matching quizzes found
Score Distribution
Percent of People with Each Score
Percentile by Number Answered
Your Score History
You have not taken this quiz